| 000 | 00932nam a22002655i 4500 | ||
|---|---|---|---|
| 001 | 13754 | ||
| 003 | ES-MaACL | ||
| 005 | 20230906150645.0 | ||
| 007 | t| | ||
| 008 | 911113s1989 sp ||||0| spa j | ||
| 040 |
_aM-BN _bspa _cM-BN |
||
| 080 | _a338.1(460) | ||
| 080 | _a338.2(460) | ||
| 245 | 0 | 3 |
_aLa competitividad de la economía española _b: determinantes micro y macroeconómicos / _c[Argandoña ... (et al.)]. |
| 260 |
_a[Madrid : _bCírculo de Empresarios], _cD.L. 1989. |
||
| 300 |
_a363 p : _bgráf ; _c22 cm. |
||
| 490 | 1 |
_aPublicaciones monográficas, _xISSN 0213-7445 |
|
| 651 | 4 |
_aEspaña- _xSituación económica- _yS.XX. _98505 |
|
| 651 | 4 |
_aEspaña- _xPolítica económica- _yS.XX. _98414 |
|
| 700 | 1 |
_aArgandoña, Antonio. _922680 |
|
| 710 | 2 |
_aCírculo de Empresarios. _92821 |
|
| 830 | 0 |
_aPublicaciones monográficas, _xISSN 0213-7445 _9179530 |
|
| 852 |
_aES-MaACL _jL-21099 |
||
| 999 |
_c13754 _d13754 |
||